Statistics for Portuguese Association Football Champions

Click here to take the quiz!

General Stats

  • This quiz has been taken 127 times
  • The average score is 83 of 84

Answer Stats

SeasonChampion% Correct
1976-1977Benfica
100%
1971-1972Benfica
100%
1988-1989Benfica
100%
1962-1963Benfica
100%
1963-1964Benfica
100%
1964-1965Benfica
100%
1966-1967Benfica
100%
1967-1968Benfica
100%
1968-1969Benfica
100%
1970-1971Benfica
100%
1972-1973Benfica
100%
1956-1957Benfica
100%
1974-1975Benfica
100%
1975-1976Benfica
100%
1935-1936Benfica
100%
1993-1994Benfica
100%
1980-1981Benfica
100%
1982-1983Benfica
100%
1983-1984Benfica
100%
1990-1991Benfica
100%
1959-1960Benfica
100%
1960-1961Benfica
100%
2004-2005Benfica
100%
1944-1945Benfica
100%
1936-1937Benfica
100%
1937-1938Benfica
100%
2016-2017Benfica
100%
2015-2016Benfica
100%
2014-2015Benfica
100%
1941-1942Benfica
100%
1942-1943Benfica
100%
2013-2014Benfica
100%
1986-1987Benfica
100%
2009-2010Benfica
100%
1954-1955Benfica
100%
1949-1950Benfica
100%
2006-2007Porto
100%
1989-1990Porto
100%
2002-2003Porto
100%
2005-2006Porto
100%
1991-1992Porto
100%
1998-1999Porto
100%
1992-1993Porto
100%
1994-1995Porto
100%
2010-2011Porto
100%
2007-2008Porto
100%
2008-2009Porto
100%
1997-1998Porto
100%
1995-1996Porto
100%
2003-2004Porto
100%
2011-2012Porto
100%
1996-1997Porto
100%
2012-2013Porto
100%
1934-1935Porto
100%
1987-1988Porto
100%
1958-1959Porto
100%
1938-1939Porto
100%
1939-1940Porto
100%
1955-1956Porto
100%
1985-1986Porto
100%
2017-2018Porto
100%
1984-1985Porto
100%
1977-1978Porto
100%
1978-1979Porto
100%
1973-1974Sporting CP
98%
1950-1951Sporting CP
98%
1981-1982Sporting CP
98%
1940-1941Sporting CP
98%
1943-1944Sporting CP
98%
1946-1947Sporting CP
98%
1947-1948Sporting CP
98%
1948-1949Sporting CP
98%
1952-1953Sporting CP
98%
1951-1952Sporting CP
98%
1969-1970Sporting CP
98%
1953-1954Sporting CP
98%
1979-1980Sporting CP
98%
2001-2002Sporting CP
98%
1999-2000Sporting CP
98%
1961-1962Sporting CP
98%
1965-1966Sporting CP
98%
1957-1958Sporting CP
98%
2000-2001Boavista
75%
1945-1946Belenenses
54%

Score Distribution

Percentile by Number Answered

Percent of People with Each Score

Your Score History

You have not taken this quiz